000 01147nam a22003377a 4500
003 CHAP
005 20220817041158.0
008 971013s1985 r 00010 d
010 _a8024
011 _a8996
035 _a8230
040 _cCHAP
082 _a636.080913
_bD53 v.4
110 _aDiagnóstico Integral de la Ganadería Bovina en el Trópico Mexicano
_932396
245 _aProyecto 8
_b: encuesta por muestreo de la región golfo-sureste: la ganadería bovina en la región golfo-sureste de México
260 _a(México, D. F. :
_bUACH),
_c(1985)
300 _a142 h.
500 _aFotocopia
590 _aBATCH-UPD
_b10
_c20130110
_lUCH01
_h1301
590 _aBATCH-UPD
_b10
_c20130410
_lUCH01
_h0819
590 _aBATCH-UPD
_b10
_c20130914
_lUCH01
_h1455
590 _aCONVERSION
_b10
_c20130109
_lUCH01
_h1305
650 1 4 _aGanadería
_xTrópicos.
_944856
650 1 4 _aGanado vacuno
_xChiapas.
_945442
650 1 4 _aGanado vacuno
_zTabasco.
_945533
650 1 4 _aGanado vacuno
_zVeracruz.
_945534
710 0 _aUACH.
901 _aBK
942 _cLIBRO
949 _a636.080913 D53 v.4
_bBC
_cUACH
_d-18400
_eUACH
_h72009
_i8230
_mD
_si
999 _c8024
_d8024